| 000 | 01824nam0a2200421 4500 | ||
|---|---|---|---|
| 001 | RU\NLR\BIBL_A\011495923 | ||
| 005 | 20260405234800.0 | ||
| 010 | _a9785001010883 | ||
| 021 |
_aRU _b2017-69686 _94948 |
||
| 035 | _a(RuMoRGB)009393453 | ||
| 035 | _a(NLR Aleph) 011495923 | ||
| 090 |
_a11971578 _c11971578 |
||
| 100 | _a20171013d2017 u y0rusy50 ca | ||
| 101 | 1 |
_arus _ceng |
|
| 102 | _aRU | ||
| 105 | _aa z 000zy | ||
| 200 | 1 |
_aТеории всего на свете _fНассим Талеб, Джаред Даймонд, Ричард Докинз, Фримен Дайсон [и др.] _gпод ред. Джона Брокмана _g[перевод с английского Николая Майсуряна и Алексея Капанадзе] |
|
| 205 | _a3-е изд. | ||
| 210 |
_aМосква _cЛаборатория знаний _d2017 _d(макет 2018) |
||
| 215 |
_a400 с. _cил. _d22 |
||
| 225 | 1 | _aUniversum | |
| 300 | _aЗагл. ориг.: This explains everything | ||
| 320 | _aБиблиогр. в подстроч. примеч. | ||
| 333 | _a16+ | ||
| 454 | 0 |
_12001#$aThis explains everything _tThis explains everything |
|
| 606 | 1 |
_aНаучно-популярная литература _jСборники _91713164 _3RU\NLR\AUTH\66763730 |
|
| 610 | 0 | _aнаучные теории | |
| 686 |
_aЮ251.4,0 _2rubbk |
||
| 686 | 1 | _aЯ9 | |
| 701 | 1 |
_8rus _7ca _aТалеб _bН. Н. _f1960- _gНассим Николас _3RU\NLR\AUTH\77108416 _991341 |
|
| 701 | 1 |
_aДаймонд _bД. _f1937- _gДжаред |
|
| 701 | 1 |
_aДокинз _bР. _f1941- _gРичард |
|
| 701 | 1 |
_7ca _8rus _aДайсон _bФ. _f1923- _gФримен _9166076 _3RU\NLR\AUTH\770166123 |
|
| 702 | 1 |
_aБрокман _bД. _gДжон _4340 |
|
| 942 | _cBOOK | ||
| 980 | _aNBR | ||